000 00535nam a2200229Ia 4500
005 20250425162446.0
008 250425s9999 xx 000 0 und d
020 _a0876661266
041 _aeng
082 _a639.37252
100 _aBURGESS, WARREN
245 0 _aFISHES OF TAIWAN AND ADJACENT WATERS
250 _aS.E.
260 _aEstados Unidos
_bS.E.
_c1974
260 _aNEW YORK
300 _a1110
650 _aPECES-HISTOLOGIA
650 _aTAIWAN
700 _aAXELROD, AARON
942 _c01
010 _a75570
999 _c229668
_d229668